The Penrose annual 1969: the international review of the graphic arts
محفوظ في:
| المؤلف الرئيسي: | |
|---|---|
| التنسيق: | كتاب |
| اللغة: | الإنجليزية |
| منشور في: |
Londres
Lund Humphries
1969
|
| الموضوعات: | |
| الوسوم: |
إضافة وسم
لا توجد وسوم, كن أول من يضع وسما على هذه التسجيلة!
|
MARC
| LEADER | 00000nam a2200000 a 4500 | ||
|---|---|---|---|
| 001 | UCV9866 | ||
| 003 | CL-VaPUC | ||
| 008 | 930622e19690000UK |||||||||||||||||eng|d | ||
| 082 | 0 | 4 | |a 741.6 |b SPE |2 21 |
| 100 | 0 | |a Spencer, Herbert |e author |9 256539 | |
| 245 | 1 | 4 | |a The Penrose annual 1969: the international review of the graphic arts |
| 300 | |a 292 p | ||
| 942 | |c BK | ||
| 945 | |d 19930622 00:00:00 | ||
| 260 | |a Londres |b Lund Humphries |c 1969 | ||
| 650 | 0 | |a Diseño gráfico |9 266874 | |
| 650 | 0 | |a Arte publicitario |9 266185 | |
| 583 | |a last modification |c 19930622 00:00:00 |k Rodrigo Vera | ||
| 999 | |c 215145 |d 215143 | ||
| 952 | |0 0 |1 0 |4 0 |6 741_600000000000000_SPE_1969 |7 0 |8 A |9 199143 |a BIBARQ |b BIBARQ |d 2019-11-14 |i 2664615 |o 741.6 SPE 1969 |p 2664615 |r 2025-01-20 |w 2019-11-14 |y BK |k ARQ | ||